00000000nam##2200000za#4500
0019.601269
003CaOODSP
00520220623094112
007cr |||||||||||
008150406|2000||||xxc|||||o    f|0| 0 fre|d
040 |aCaOODSP|bfre
043 |an-cn---
0861 |aC21-23/24-2000F-PDF
1101 |aCanada. |bIndustrie Canada.
24510|aInvestissement et croissance de la productivité : étude inspirée de la théorie néoclassique et de la nouvelle théorie de la croissance : |h[ressource électronique]|bdocument hors série n° 24, juin 2000 / |cpar Kevin J. Stiroh.
260 |aOttawa - Ontario : |bIndustrie Canada |cJuin 2000.
300 |a91p.|btableaux
4901 |aDocument hors série|vN° 24
500 |aLe n° de catalogue (C21-23/24-2000) et l'ISBN (0-662-64815-3) de l'édition imprimée bilingue ont été incorrectement copiés dans l'édition électronique.
504 |aBibliographie.
590 |a11-09-Supp|b2011-06-30
7201 |aStiroh, Kevin J.
77508|tInvestment and productivity growth - a survey from the neoclassical and new growth perspectives : |w(CaOODSP)9.570621
7760#|tInvestment and productivity growth - a survey from the neoclassical and new growth perspectives / |w(CaOODSP)9.533636
7760#|tInvestissement et croissance, de la productivité - étude inspirée de la théorie néoclassique et de la nouvelle théorie de la croissance / |w(CaOODSP)9.533637
830#0|aDocument hors série (Canada. Industrie Canada)|vN° 24|w(CaOODSP)9.501162
85640|ahttp://publications.gc.ca|qPDF|s423 Ko|uhttps://publications.gc.ca/collections/Collection/C21-23-24-2000F.pdf|yN° 24